000 005370000a22001810004500
003 MACL
005 20160228153238.0
008 160228b xxu||||| |||| 00| 0 eng d
040 _aMACL
_cMACL
041 _aHindi
082 _a800
100 _aतिवारी सन्‍तोष कुमार
_941331
245 _aदरवाजे पर दस्‍तक
260 _bजवाहर पुस्‍तकालय
_c1983
_aमथुरा
350 _a20
650 _aLiterature
_941332
942 _cHIN
_k800
_2ddc
999 _c28770
_d28770